000 01052nam a2200241 i 4500
001 174985
003 ES-MaACL
005 20250808034529.0
008 100906s1870 xxk |||| | eng d
100 1 _aTallack, William.
_9143320
245 1 4 _aThe Bible and capital punishment /
_c[William Tallack].
260 _a[London :
_bHoward Association,
_c1870?]
300 _a4 p. ;
_c20 cm.
500 _a[Issued by the Howard Association]
594 _aTít. tomado de principio del texto.
650 1 7 _aPena de muerte
_2embne
_915915
710 2 _aHoward Association (London)
_9134440
852 _aES-MaACL
_jD-273(8)
_bR.FOLL.12/8
_cSVI
_hDonación: Francisco Lastres y Juiz
_xEncuadernado con otras obras formando un volumen facticio
_9181720
_dOlim: 193-C-3
_fSello en tinta en el verso de la hoja de guarda anterior: "Donativo del Sr. Lastres al Ateneo de Madrid 1907"
903 _aLastres y Juiz, Francisco,
_d1848-1918
_q1
_ednr
_970504
942 _2udc
_cFOLLETOS
999 _c174985
_d174985